Estatísticas para Jogadores da Seleção Brasileira campeã em 2002

Clique aqui para jogar o quiz

Estatísticas Gerais

  • Esse quiz foi jogado 128 vezes
  • A pontuação média é 17 de 24

Estatísticas das Respostas

HintResposta% Correto
MeiaRonaldinho
100%
AtacanteRonaldo
100%
Lateral-direitoCafú
94%
GoleiroMarcos
94%
AtacanteRivaldo
93%
Lateral-esquerdoRoberto Carlos
93%
MeiaKaká
87%
GoleiroRogerio Ceni
87%
GoleiroDida
86%
ZagueiroLúcio
83%
TreinadorFelipão
82%
ZagueiroRoque Jr.
73%
VolanteGilberto Silva
68%
MeiaDenílson
66%
Zagueiro/VolanteEdmilson
59%
VolanteVampeta
59%
VolanteKléberson
56%
AtacanteEdilson
54%
Lateral-esquerdoJúnior
50%
MeiaRicardinho
50%
ZagueiroAnderson Polga
46%
AtacanteLuizão
43%
MeiaJuninho Paulista
42%
Lateral-direitoBelletti
41%

Distribuição das Pontuações

Percentil de Números Respondidos

Porcentagem de Pessoas com Cada Pontuação

Sua Pontuação Histórica

Você não jogou esse quiz